Heartbreak Girl - 5 Seconds of Summer Lyrics - Statistics

General Stats
  • This quiz has been taken 1,059 times
    1,022 since last reset
  • The average score is 284 of 339
Answer Stats
Lyrics % Correct
He
100%
I
100%
a
99%
hear
99%
heart
99%
You
99%
you
99%
me
98%
your
98%
that
97%
That
97%
the
96%
The
96%
And
95%
and
95%
call
95%
girl
95%
girl?
95%
hurt
95%
I'm
95%
to
95%
up
95%
heartbreak
94%
it
94%
never
94%
say
94%
so
94%
broken
93%
in
93%
It's
93%
it's
93%
like
93%
record
93%
end
92%
when
92%
be
90%
crying
89%
dedicate
89%
for
89%
one
89%
song
89%
this
89%
truth
89%
friend
88%
get
87%
hurts
87%
who
87%
again
86%
him
86%
lying
86%
over
86%
see's
86%
take
86%
away
85%
phone
85%
finally
84%
can
83%
Saying
83%
getting
82%
Thanks
82%
being
81%
day
80%
you'll
80%
here
79%
do
78%
realize
78%
gonna
77%
right
76%
sucker
76%
cure
75%
just
75%
'Cause
74%
going
74%
circles
73%
daylight
73%
straight
71%
anything
70%
Hold
68%
through
67%
tight
67%
ends
62%
with
61%
but
59%
But
59%
not
58%
you're
58%
could
57%
stuck
57%
wanna
55%
we're
55%
friendzone
54%
scream
54%
now
53%
out
53%
telling
53%
at
52%
I'll
52%
my
52%
what
51%
bad
50%
tomorrow
50%
want
50%
ready
49%
treats
49%
10
48%
bite
48%
fair
48%
frustrating
48%
good
48%
tongue
45%
know
39%
realise
38%
forget
32%
happen
32%
someday
32%
met
31%
close
25%
belong
24%
head
24%
instead
24%
gotta
17%
Sometimes
17%
confession
13%
No matching quizzes found
Score Distribution
Percent of People with Each Score
Percentile by Number Answered
Your Score History
You have not taken this quiz since the last reset